Представление документа в формате RUSMARC

ПолеНазваниеЗначение
  Тип записи a
  Библиографический уровень m
001 Контрольный номер RU/SLIB/B/208718691
005 Дата корректировки 20201206203936.9
010 Индекс ISBN __
d Цена 2-31
101 Язык документа __
a Язык текста rus
200 Заглавие и сведения об ответственности 1_
a Заглавие Решение задач статики сооружений. Метод оптически чувствительных покрытий. Оптически чувствительные материалы
e Сведения, относящиеся к заглавию в 3-х т.
f Первые сведения об ответственности под ред. Г. Л. Хесина
b Общее обозначение материала Текст
210 Выходные данные __
a Место издания М.
c Издательство Стройиздат
d Дата издания 1975
215 Физическое описание __
a Объем 460 с.
461 Уровень набора __
1 2001
a Метод фотоупругости
v Т. 1
606 Тематические рубрики __
a Основная рубрика Строительство
606 Тематические рубрики __
a Основная рубрика Строительные конструкции
610 Ключевые слова __
a Ключевые слова строительные конструкции; метод фотоупругости; решение задач; статика сооружений; метод оптически чувствительных покрытий; оптически чувствительные материалы; оптически чувствиетельные покрытия
686 Индексы других классификаций __
a Классификационный индекс 38.5
702 Вторичная интеллектуальная ответственность __
a Фамилия Хесин
b Имя Г. Л.
4 Код отношения Редактор
801 Источник записи _0
a Страна RU
b Организация Муниципальное бюджетное учреждение культуры "Централизованная библиотечная система" г. Сургут (Центральная городская библиотека им. А. С. Пушкина)
g Правила каталогизации К/Исакова
801 Источник записи _1
a Страна RU
b Организация Муниципальное бюджетное учреждение культуры "Централизованная библиотечная система" г. Сургут (Центральная городская библиотека им. А. С. Пушкина)
g Правила каталогизации К/Исакова
852 Данные о местонахождении __
j Шифр хранения 38.5
c Каталожный индекс 38.5
i Авторский знак М 54
p Инвентарный номер 40129(с)
901 Тип документа __
t Тип документа m
990 Данные о заказе (DOS) __
j Количество экземпляров (DOS) 1